000 00682nam a2200181Ia 4500
008 151202s9999||||xx |||||||||||||| ||und||
082 _bPNVM-72835
100 _aपंडित श्रीनिवास.
245 _aशूर गांडुळ आणि इतर कथा.
260 _b"ऊर्जा प्रकाशन,पुणे."
260 _c72835
300 _a48
600 _aपंडित श्रीनिवास.
630 _aशूर गांडुळ आणि इतर कथा.
700 _aपंडित श्रीनिवास.
730 _aशूर गांडुळ आणि इतर कथा.
942 _cBOOK
999 _c1339500
_d1339497